000
00332nam a22001457a 4500
003
SGT
020
_a
9789382740025
082
_a
345.5405,SWA
100
_a
SWAMY
245
_a
CRIMINOLOGY AND CRIMINAL JUSTICE SYSTEM
260
_a
HYDERABAD
_b
ASIA LAW HOUSE
_c
2014
300
_a
384
650
_a
CRIMINOLOGY
942
_2
ddc
_c
BK
_0
2
999
_c
10985
_d
10985